00417nam a2200169 a 4500001001300000003000900013005001700022008004100039020002100080082001500101100001900116245003400135260002400169300000900193500003500202505001000237nice12345678IN_TiNIC20260116015032.0050524s1997 gena grp 000 0 eng  a2825412104 c000a269.2bPOT aPotter, Philip aSeeking and Serving the Truth aGeneva bWCC c1997 a307p aincludes index and biblioraphy2 aIndex